00757nam a2200229Ia 450000500170000000800410001702000230005804000190008104100120010008200160011210000180012824501190014626000360026530000120030165000190031365100190033270000270035185000100037894200070038899900170039595201150041220221116120335.0131103s9999 xx 000 0 und d a8178242559cRs 895 aLoreto College aEnglish a954.03bGUH aGuha, Ranajit 4aThe small voice of historyb Collected essays cRanajit Guha. Edited and with an introduction by Partha Chatterjee aRanikhetbPermanent Blackc2009 ax,666p  aHistory, India aIndian History aChatterjee, Partha, ed aLCLIB cBK c36321d86800 00102ddc4070aMAINbMAINd2013-11-04l1o954.03 GUH 47683pB39322r2014-09-26s2014-08-05w2013-11-04yBKf